Alberto Durero (Record no. 422)

MARC details
000 -CABECERA
campo de control de longitud fija 00738nam a2200229 a 4500
001 - NÚMERO DE CONTROL
campo de control BRCA_488
005 - FECHA Y HORA DE LA ÚLTIMA TRANSACCIÓN
campo de control 20190320203031.0
008 - DATOS DE LONGITUD FIJA--INFORMACIÓN GENERAL
campo de control de longitud fija 121005s1982----gw-a---###---#000-0#spa-d
050 #4 - SIGNATURA TOPOGRÁFICA DE LA BIBLIOTECA DEL CONGRESO
Número de clasificación NE654.D9
Número de documento/Ítem .U45 1982
100 1# - ENTRADA PRINCIPAL--NOMBRE DE PERSONA
Nombre de persona Ullmann, Ernst
9 (RLIN) 1685
245 10 - MENCIÓN DE TÍTULO
Título Alberto Durero
Mención de responsabilidad, etc. Ernst Ullmann ; traducción Abelardo Piñeiro.
260 ## - PUBLICACIÓN, DISTRIBUCIÓN, ETC.
Lugar de publicación, distribución, etc. Cuba
Nombre del editor, distribuidor, etc. Gente Nueva
Fecha de publicación, distribución, etc. 1982
300 ## - DESCRIPCIÓN FÍSICA
Extensión 71 p.
Otras características físicas il.
Dimensiones 22 cm.
500 ## - NOTA GENERAL
Nota general Orden de fotografías al final del texto
500 ## - NOTA GENERAL
Nota general Traducción de : Albrech Dürer
504 ## - NOTA DE BIBLIOGRAFÍA, ETC.
Nota de bibliografía, etc. Bibliografía: p. [72]
600 14 - PUNTO DE ACCESO ADICIONAL DE MATERIA--NOMBRE DE PERSONA
Nombre de persona Durero, Alberto
Fechas asociadas al nombre 1471-1528
Subdivisión general vida y obra
9 (RLIN) 1686
650 14 - PUNTO DE ACCESO ADICIONAL DE MATERIA--TÉRMINO DE MATERIA
Término de materia o nombre geográfico como elemento de entrada Grabados
Subdivisión cronológica Siglo XV-XVI
Subdivisión geográfica Alemania
9 (RLIN) 1687
653 0# - TÉRMINO DE INDIZACIÓN--NO CONTROLADO
Término no controlado Grabado alemán
700 1# - PUNTO DE ACCESO ADICIONAL--NOMBRE DE PERSONA
Nombre de persona Piñeiro, Abelardo
9 (RLIN) 1688
942 ## - ELEMENTOS DE PUNTO DE ACCESO ADICIONAL (KOHA)
Fuente del sistema de clasificación o colocación Library of Congress Classification
Tipo de ítem Koha Libros
Holdings
Estado de retiro Estado de pérdida Estado dañado No para préstamo Localización permanente Ubicación/localización actual Fecha de adquisición Total de préstamos Signatura topográfica completa Código de barras Fecha visto por última vez Precio válido a partir de Tipo de ítem Koha
El ejemplar forma parte de la colección y puede ser consultado según las políticas vigentes.       Biblioteca del Museo Franz Mayer (Rogerio Casas-Alatriste) Biblioteca del Museo Franz Mayer (Rogerio Casas-Alatriste) 25/06/2008   NE654.D9 .U45 1982 00788 22/03/2019 22/03/2019 Libros